banner-ar

ثورة الفكر فى عصرالنهضة الاوربية / (Record no. 37785)

MARC details
000 -الفاتح
حقل البيانات ثابتة الطول 00683nam a2200217Ia 4500
005 - وقت وتاريخ اخر تعامل مع التسجيلة
رقم الضبط 20240530103232.0
008 - عناصر البيانات ثابتة الطول - معلومات عامة
حقل البيانات ثابتة الطول 140319s9999 xx 000 0 ara d
040 ## - مصدر الفهرسة
وكالة الفهرسة الأصلية GCL /
وكالة النسخ GCL
082 04 - رقم تصنيف ديوى العشرى
رقم التصنيف 190
رقم المادة ل ث
100 1# - المدخل الرئيسى - إسم شخصى
الإسم الشخصى لويس عوض
245 10 - بيان العنوان
العنوان ثورة الفكر فى عصرالنهضة الاوربية /
بيان المسئوليه,etc لويس عوض
250 ## - بيان الطبعة
بيان الطبعة '1
260 ## - PUBLICATION, DISTRIBUTION, ETC. (IMPRINT)
تاريخ النشر أو التوزيع 1987
300 ## - الوصف المادى
التعداد 319 ص ؛
أبعاد الوعاء 24 سم
650 04 - المدخل الاضافى بالموضوع-مصطلح موضوعى
مصطلح موضوعي الثقافة
650 04 - المدخل الاضافى بالموضوع-مصطلح موضوعى
مصطلح موضوعي الثورة الثقافية
650 04 - المدخل الاضافى بالموضوع-مصطلح موضوعى
مصطلح موضوعي لويس عوض
650 04 - المدخل الاضافى بالموضوع-مصطلح موضوعى
مصطلح موضوعي اوربا - الاحوال الثقافية
942 ## - عناصر المدخل الإضافي( كوها)
مصدر التصنيف او مخطط الترفيف Dewey Decimal Classification
Koha [default] item type كتاب
260 ## - PUBLICATION, DISTRIBUTION, ETC. (IMPRINT)
-- القاهرة :
-- مركز الاهرام للترجمة والنشر ،
Holdings
حالة التراجع حالة الفقد حالة تلف ليس للاعارة المكان المؤقت الموقع الحالى تاريخ الاكتساب اجمالي اﻻعارات رقم الطلب الباركود تاريخ اخر مشاهدة تاريخ تفعيل السعر نوع وعاء كوها مصدر التصنيف او خطة الترفيف موقع الترفيف
        مكتبة القاهرة الكبرى مكتبة القاهرة الكبرى 03/26/2014   190\ل ث 92241 03/26/2014 03/26/2014 كتاب    
        مكتبة القاهرة الكبرى مكتبة القاهرة الكبرى 03/26/2014   190\ل ث 92242 03/26/2014 03/26/2014 كتاب    
        مكتبة القاهرة الكبرى مكتبة القاهرة الكبرى 03/26/2014   190\ل ث 92243 03/26/2014 03/26/2014 كتاب    
        مكتبة القاهرة الكبرى مكتبة القاهرة الكبرى 03/26/2014   190\ل ث 92244 03/26/2014 03/26/2014 كتاب    
        مكتبة القاهرة الكبرى مكتبة القاهرة الكبرى 05/28/2018   190 ل ث 164816 05/28/2018 05/28/2018 كتاب ddc القاعة الرئيسية

Powered By

EGPV